Маркетинг: учебник

書目詳細資料
主要作者: Годин А. М. Александр Михайлович
總結:Исключено из фонда НТБ ТПУ
語言:俄语
出版: Москва, Дашков и К, 2009
版:8-е изд., перераб. и доп.
格式: MixedMaterials 圖書
KOHA link:https://koha.lib.tpu.ru/cgi-bin/koha/opac-detail.pl?biblionumber=163423

MARC

LEADER 00000nam0a2200000 4500
001 163423
005 20231031160800.0
010 |a 9785394003967 
035 |a (RuTPU)RU\TPU\book\177318 
035 |a RU\TPU\book\160572 
035 |a RU\TPU\book\137009 
090 |a 163423 
100 |a 20090818d2009 m y0rusy50 ca 
101 0 |a rus 
102 |a RU 
105 |a y j 001zy 
200 1 |a Маркетинг  |e учебник  |f А. М. Годин 
205 |a 8-е изд., перераб. и доп. 
210 |a Москва  |c Дашков и К  |d 2009 
215 |a 672 с. 
333 |a Исключено из фонда НТБ ТПУ 
700 1 |a Годин  |b А. М.  |g Александр Михайлович 
801 1 |a RU  |b 63413507  |c 20081126  |g PSBO 
801 2 |a RU  |b 63413507  |c 20220621  |g PSBO 
942 |c BK